000 00298nam a2200121Ia 4500
005 20251222141922.0
008 251222s9999||||xx |||||||||||||| ||spa||
082 _a348.55/B64C
100 _aBlossiers Hüme, Juan José
245 0 _aCriminalidad Informática
264 _bPortocarrero
942 _cLIB
999 _c8755
_d8755